{"text_format":"3","workbook":"xlsx","n_sheets":1,"sheets":["t317"],"read":"whole","date_system":"1900"}

{"sheet":"t317","index":0,"n_rows":162,"n_cols":7,"rows_kept":162,"merged":[[0,0,0,6],[28,0,28,5],[40,0,40,5],[142,0,142,5]]}
["TABELA 317.1 - Estatísticas Agrícolas, Município de Magda, Estado de São Paulo, 2016/17."]
["ITEM","UNIDADE","N.DE UPAs","MÍNIMO","MÉDIO","MÁXIMO","TOTAL"]
["Distância à sede do município","km",334,0.1,5.6,{"v":15,"d":"15.0"},"-"]
["Área total","hectare",334,0.3,{"v":89.75,"d":"89.8"},{"v":11491,"d":"11,491.0"},{"v":29975.35,"d":"29,975.4"}]
["Área com cultura perene","hectare",44,0.5,{"v":16.91,"d":"16.9"},{"v":100,"d":"100.0"},743.9]
["Área com cultura temporária","hectare",156,0.5,{"v":108.55,"d":"108.6"},{"v":7449.5,"d":"7,449.5"},{"v":16934.3,"d":"16,934.3"}]
["Área com pastagem","hectare",259,0.1,{"v":22.41,"d":"22.4"},723.5,{"v":5804.8,"d":"5,804.8"}]
["Área com reflorestamento","hectare",12,0.5,{"v":28.28,"d":"28.3"},{"v":270,"d":"270.0"},339.3]
["Área com vegetação natural","hectare",116,{"v":0.08,"d":"0.1"},{"v":20.46,"d":"20.5"},{"v":1700,"d":"1,700.0"},{"v":2373.75,"d":"2,373.8"}]
["Área com vegetação de brejo e várzea","hectare",251,0.1,{"v":13.87,"d":"13.9"},{"v":1816.4,"d":"1,816.4"},{"v":3482.5,"d":"3,482.5"}]
["Área em descanso","hectare",1,3.6,3.6,3.6,3.6]
["Área complementar","hectare",254,{"v":0.04,"d":"0.0"},{"v":1.15,"d":"1.2"},60.1,293.2]
["Área das UPAs com (0, 1] ha","hectare",4,0.3,{"v":0.63,"d":"0.6"},{"v":1,"d":"1.0"},2.5]
["Área das UPAs com (1, 2] ha","hectare",6,1.2,{"v":1.29,"d":"1.3"},1.7,{"v":7.71,"d":"7.7"}]
["Área das UPAs com (2, 5] ha","hectare",36,2.1,{"v":3.77,"d":"3.8"},{"v":5,"d":"5.0"},135.6]
["Área das UPAs com (5, 10] ha","hectare",37,5.2,{"v":7.71,"d":"7.7"},{"v":10,"d":"10.0"},{"v":285.38,"d":"285.4"}]
["Área das UPAs com (10, 20] ha","hectare",68,{"v":10.08,"d":"10.1"},{"v":14.29,"d":"14.3"},19.5,{"v":971.77,"d":"971.8"}]
["Área das UPAs com (20, 50] ha","hectare",106,20.5,{"v":32.83,"d":"32.8"},49.6,{"v":3479.6,"d":"3,479.6"}]
["Área das UPAs com (50, 100] ha","hectare",42,{"v":50.08,"d":"50.1"},{"v":68.26,"d":"68.3"},96.8,{"v":2866.89,"d":"2,866.9"}]
["Área das UPAs com (100, 200] ha","hectare",23,103.7,{"v":132,"d":"132.0"},195.4,{"v":3036.1,"d":"3,036.1"}]
["Área das UPAs com (200, 500] ha","hectare",7,{"v":208,"d":"208.0"},{"v":290.69,"d":"290.7"},436.2,{"v":2034.8,"d":"2,034.8"}]
["Área das UPAs com (500, 1.000] ha","hectare",2,596.1,{"v":684,"d":"684.0"},771.9,{"v":1368,"d":"1,368.0"}]
["Área das UPAs com (1.000, 2.000] ha","hectare",1,{"v":1464,"d":"1,464.0"},{"v":1464,"d":"1,464.0"},{"v":1464,"d":"1,464.0"},{"v":1464,"d":"1,464.0"}]
["Área das UPAs com (2.000, 5.000] ha","hectare",1,{"v":2832,"d":"2,832.0"},{"v":2832,"d":"2,832.0"},{"v":2832,"d":"2,832.0"},{"v":2832,"d":"2,832.0"}]
["Área das UPAs com (5.000, 10.000] ha","hectare","-","-","-","-","-"]
["Área das UPAs acima de 10.000 ha","hectare",1,{"v":11491,"d":"11,491.0"},{"v":11491,"d":"11,491.0"},{"v":11491,"d":"11,491.0"},{"v":11491,"d":"11,491.0"}]
["Fonte: Secretaria de Agricultura e Abastecimento, CDRS/IEA, Projeto LUPA."]
[]
["TABELA 317.2 - Explorações Animais, Município de Magda, Estado de São Paulo, 2016/17."]
["ITEM","UNIDADE","N.DE UPAs","MÍNIMO","MÉDIO","MÁXIMO","TOTAL"]
["Asininos e muares","cabecas",3,{"v":1,"d":"1.0"},{"v":1.33,"d":"1.3"},{"v":2,"d":"2.0"},{"v":4,"d":"4.0"}]
["Avicultura ornamental/decorativa/exotica","cabecas",1,{"v":150,"d":"150.0"},{"v":150,"d":"150.0"},{"v":150,"d":"150.0"},{"v":150,"d":"150.0"}]
["Bovinocultura de corte","cabecas",9,{"v":25,"d":"25.0"},{"v":510.33,"d":"510.3"},{"v":1700,"d":"1,700.0"},{"v":4593,"d":"4,593.0"}]
["Bovinocultura leiteira","cabecas",3,{"v":5,"d":"5.0"},{"v":36.67,"d":"36.7"},{"v":95,"d":"95.0"},{"v":110,"d":"110.0"}]
["Bovinocultura mista","cabecas",224,{"v":1,"d":"1.0"},{"v":41.81,"d":"41.8"},{"v":600,"d":"600.0"},{"v":9366,"d":"9,366.0"}]
["Equinocultura","cabecas",125,{"v":1,"d":"1.0"},{"v":2.85,"d":"2.9"},{"v":51,"d":"51.0"},{"v":356,"d":"356.0"}]
["Ovinocultura","cabecas",20,{"v":2,"d":"2.0"},10.9,{"v":30,"d":"30.0"},{"v":218,"d":"218.0"}]
["Suinocultura","cabecas",57,{"v":1,"d":"1.0"},{"v":6.93,"d":"6.9"},{"v":30,"d":"30.0"},{"v":395,"d":"395.0"}]
["Fonte: Secretaria de Agricultura e Abastecimento, CDRS/IEA, Projeto LUPA."]
[]
["TABELA 317.3 -  Máquinas, Implementos e Benfeitorias, Município de Magda, Estado de São Paulo, 2016/17."]
["ITEM","UNIDADE","N.DE UPAs","MÍNIMO","MÉDIO","MÁXIMO","TOTAL"]
["Arado comum (bacia, aiveca)","unidade",33,{"v":1,"d":"1.0"},{"v":1.12,"d":"1.1"},{"v":2,"d":"2.0"},{"v":37,"d":"37.0"}]
["Arado escarificador","unidade",2,{"v":1,"d":"1.0"},{"v":1,"d":"1.0"},{"v":1,"d":"1.0"},{"v":2,"d":"2.0"}]
["Arado subsolador","unidade",3,{"v":1,"d":"1.0"},{"v":2,"d":"2.0"},{"v":4,"d":"4.0"},{"v":6,"d":"6.0"}]
["Carregadeira de cana","unidade",2,{"v":2,"d":"2.0"},{"v":2,"d":"2.0"},{"v":2,"d":"2.0"},{"v":4,"d":"4.0"}]
["Carreta de trator","unidade",23,{"v":1,"d":"1.0"},{"v":2.43,"d":"2.4"},{"v":33,"d":"33.0"},{"v":56,"d":"56.0"}]
["Colhedeira automotriz","unidade",2,{"v":1,"d":"1.0"},1.5,{"v":2,"d":"2.0"},{"v":3,"d":"3.0"}]
["Computador","unidade",4,{"v":1,"d":"1.0"},{"v":3.25,"d":"3.3"},{"v":10,"d":"10.0"},{"v":13,"d":"13.0"}]
["Conj.irrigacao autopropelido","unidade",1,{"v":10,"d":"10.0"},{"v":10,"d":"10.0"},{"v":10,"d":"10.0"},{"v":10,"d":"10.0"}]
["Conj.irrigacao/gotejamento/microaspersao","unidade",1,{"v":1,"d":"1.0"},{"v":1,"d":"1.0"},{"v":1,"d":"1.0"},{"v":1,"d":"1.0"}]
["Desintegrador, picador, triturador","unidade",74,{"v":1,"d":"1.0"},{"v":1.05,"d":"1.1"},{"v":2,"d":"2.0"},{"v":78,"d":"78.0"}]
["Distribuidor de calcario","unidade",14,{"v":1,"d":"1.0"},1.5,{"v":5,"d":"5.0"},{"v":21,"d":"21.0"}]
["Ensiladeira","unidade",20,{"v":1,"d":"1.0"},{"v":1.05,"d":"1.1"},{"v":2,"d":"2.0"},{"v":21,"d":"21.0"}]
["Grade aradora (tipo romi)","unidade",16,{"v":1,"d":"1.0"},{"v":1.81,"d":"1.8"},{"v":14,"d":"14.0"},{"v":29,"d":"29.0"}]
["Grade niveladora","unidade",30,{"v":1,"d":"1.0"},1.2,{"v":5,"d":"5.0"},{"v":36,"d":"36.0"}]
["Implementos para tracao animal","unidade",6,{"v":1,"d":"1.0"},{"v":1,"d":"1.0"},{"v":1,"d":"1.0"},{"v":6,"d":"6.0"}]
["Misturador de racao","unidade",7,{"v":1,"d":"1.0"},{"v":1,"d":"1.0"},{"v":1,"d":"1.0"},{"v":7,"d":"7.0"}]
["Ordenhadeira mecanica","unidade",17,{"v":1,"d":"1.0"},{"v":1,"d":"1.0"},{"v":1,"d":"1.0"},{"v":17,"d":"17.0"}]
["Pulverizador tratorizado","unidade",11,{"v":1,"d":"1.0"},{"v":2.55,"d":"2.6"},{"v":16,"d":"16.0"},{"v":28,"d":"28.0"}]
["Resfriador de leite, tanque expansao","unidade",23,{"v":1,"d":"1.0"},{"v":1,"d":"1.0"},{"v":1,"d":"1.0"},{"v":23,"d":"23.0"}]
["Roçadora","unidade",11,{"v":1,"d":"1.0"},{"v":1.45,"d":"1.5"},{"v":5,"d":"5.0"},{"v":16,"d":"16.0"}]
["Semeadeira/adubadeira para plantio convencional","unidade",13,{"v":1,"d":"1.0"},{"v":1.15,"d":"1.2"},{"v":3,"d":"3.0"},{"v":15,"d":"15.0"}]
["Terraceador","unidade",4,{"v":1,"d":"1.0"},{"v":1,"d":"1.0"},{"v":1,"d":"1.0"},{"v":4,"d":"4.0"}]
["Trator de pneus  acima de 85 cv","unidade",5,{"v":1,"d":"1.0"},7.6,{"v":34,"d":"34.0"},{"v":38,"d":"38.0"}]
["Trator de pneus até 65 cv","unidade",6,{"v":1,"d":"1.0"},{"v":1,"d":"1.0"},{"v":1,"d":"1.0"},{"v":6,"d":"6.0"}]
["Trator de pneus de 66 cv a 85 cv","unidade",37,{"v":1,"d":"1.0"},{"v":1.54,"d":"1.5"},{"v":10,"d":"10.0"},{"v":57,"d":"57.0"}]
["Acude/represa","unidade",109,{"v":1,"d":"1.0"},{"v":3.06,"d":"3.1"},{"v":102,"d":"102.0"},{"v":333,"d":"333.0"}]
["Almoxarifado/oficina","unidade",12,{"v":1,"d":"1.0"},{"v":1.33,"d":"1.3"},{"v":4,"d":"4.0"},{"v":16,"d":"16.0"}]
["Armazem para graos ensacados","sacas",11]
["Balanca para bovinos","unidade",7,{"v":1,"d":"1.0"},{"v":1,"d":"1.0"},{"v":1,"d":"1.0"},{"v":7,"d":"7.0"}]
["Balanca para veiculos","unidade",1,{"v":1,"d":"1.0"},{"v":1,"d":"1.0"},{"v":1,"d":"1.0"},{"v":1,"d":"1.0"}]
["Barracao para granja/avicultura","unidade",1,{"v":1,"d":"1.0"},{"v":1,"d":"1.0"},{"v":1,"d":"1.0"},{"v":1,"d":"1.0"}]
["Barracao/galpao/garagem","unidade",49,{"v":1,"d":"1.0"},{"v":1.16,"d":"1.2"},{"v":3,"d":"3.0"},{"v":57,"d":"57.0"}]
["Casa de moradia habitada","unidade",127,{"v":1,"d":"1.0"},{"v":1.59,"d":"1.6"},{"v":61,"d":"61.0"},{"v":202,"d":"202.0"}]
["Casa de moradia total","unidade",205,{"v":1,"d":"1.0"},{"v":1.66,"d":"1.7"},{"v":68,"d":"68.0"},{"v":341,"d":"341.0"}]
["Curral/mangueira","unidade",202,{"v":1,"d":"1.0"},{"v":1.09,"d":"1.1"},{"v":3,"d":"3.0"},{"v":220,"d":"220.0"}]
["Deposito/tulha","unidade",174,{"v":1,"d":"1.0"},{"v":1.15,"d":"1.2"},{"v":6,"d":"6.0"},{"v":200,"d":"200.0"}]
["Estabulo","unidade",4,{"v":1,"d":"1.0"},{"v":1,"d":"1.0"},{"v":1,"d":"1.0"},{"v":4,"d":"4.0"}]
["Fabrica de racao","unidade",1,{"v":1,"d":"1.0"},{"v":1,"d":"1.0"},{"v":1,"d":"1.0"},{"v":1,"d":"1.0"}]
["Instalacoes para equinos","unidade",2,{"v":1,"d":"1.0"},{"v":1,"d":"1.0"},{"v":1,"d":"1.0"},{"v":2,"d":"2.0"}]
["Maquina de beneficio","unidade",1,{"v":1,"d":"1.0"},{"v":1,"d":"1.0"},{"v":1,"d":"1.0"},{"v":1,"d":"1.0"}]
["Pocilga","unidade",49,{"v":1,"d":"1.0"},{"v":1,"d":"1.0"},{"v":1,"d":"1.0"},{"v":49,"d":"49.0"}]
["Poco semi-artesiano","unidade",149,{"v":1,"d":"1.0"},1.1,{"v":11,"d":"11.0"},{"v":164,"d":"164.0"}]
["Secador de graos","unidade",1,{"v":1,"d":"1.0"},{"v":1,"d":"1.0"},{"v":1,"d":"1.0"},{"v":1,"d":"1.0"}]
["Silo para graos","ton",1]
["Silo para silagem","ton",2]
["Terreiro","m2",10]
["Fonte: Secretaria de Agricultura e Abastecimento, CDRS/IEA, Projeto LUPA."]
[]
["TABELA 317.4 - Outras Estatísticas Agrícolas, Município de Magda, Estado de São Paulo, 2016/17."]
["ITEM","Número de UPAs",null,"Percentual"]
["Faz Parte de Associação de Produtores",151,null,{"v":45.209580838323355,"d":"45.2"}]
["Faz Parte de Cooperativa de Produtores",88,null,{"v":26.347305389221557,"d":"26.3"}]
["Faz Parte do Sindicato de Produtores",25,null,{"v":7.4850299401197615,"d":"7.5"}]
["Não utiliza assistência técnica ",5,null,{"v":1.4970059880239521,"d":"1.5"}]
["Utiliza somente assistência técnica governamental ",164,null,{"v":49.10179640718563,"d":"49.1"}]
["Utiliza somente assistência técnica privada ",9,null,{"v":2.694610778443114,"d":"2.7"}]
["Utiliza assistência técnica tanto governamental quanto privada",156,null,{"v":46.706586826347305,"d":"46.7"}]
["Utiliza Crédito Rural",103,null,{"v":30.83832335329341,"d":"30.8"}]
["Utiliza Seguro Rural",53,null,{"v":15.868263473053892,"d":"15.9"}]
["Utiliza Escrituração Agrícola",197,null,{"v":58.982035928143716,"d":"59.0"}]
["Acessa Internet p/ Fins na Agropecuária",66,null,{"v":19.760479041916167,"d":"19.8"}]
["Utiliza Computador nas Atividades Agropecuárias",49,null,{"v":14.67065868263473,"d":"14.7"}]
["Utiliza Energia Elétrica Para Uso na Atividade Agrícola",231,null,{"v":69.16167664670658,"d":"69.2"}]
["Utiliza Energia Alternativa","-",null,"-"]
["Realiza Análise de Solo, quando necessário",228,null,{"v":68.26347305389221,"d":"68.3"}]
["Realiza Calagem",120,null,{"v":35.92814371257485,"d":"35.9"}]
["Utiliza Práticas de Conservação de Solo, quando necessário",321,null,{"v":96.10778443113772,"d":"96.1"}]
["Faz Adubação Mineral, quando necessário",297,null,{"v":88.92215568862275,"d":"88.9"}]
["Faz Adubação Orgânica, quando necessário",93,null,{"v":27.844311377245507,"d":"27.8"}]
["Faz Adubação Verde, quando necessário",18,null,{"v":5.389221556886228,"d":"5.4"}]
["Utiliza Manejo Integrado de Pragas (MIP)",110,null,{"v":32.93413173652695,"d":"32.9"}]
["Utiliza Hidroponia","-",null,"-"]
["Utiliza Cultivo em Estufa","-",null,"-"]
["Utiliza Mudas Fiscalizadas",121,null,{"v":36.22754491017964,"d":"36.2"}]
["Utiliza Semente Melhorada",110,null,{"v":32.93413173652695,"d":"32.9"}]
["Faz Confinamento de Bovinos",13,null,{"v":3.8922155688622757,"d":"3.9"}]
["Utiliza Pastejo Intensivo",174,null,{"v":52.09580838323354,"d":"52.1"}]
["Faz Inseminação Artificial",10,null,{"v":2.9940119760479043,"d":"3.0"}]
["Faz Mineralização do Rebanho",203,null,{"v":60.778443113772454,"d":"60.8"}]
["Faz Vermifugação do Rebanho",202,null,{"v":60.47904191616767,"d":"60.5"}]
["Possui Parceiros /Arrendatários na Exploração Animal",203,null,{"v":60.778443113772454,"d":"60.8"}]
["Existência de trabalhadores c/ deficiência na UPA","-",null,"-"]
["Esporte e lazer",10,null,{"v":2.9940119760479043,"d":"3.0"}]
["Extração mineral","-",null,"-"]
["Hotel Fazenda, Pousada ou SPA","-",null,"-"]
["Pesque-pague","-",null,"-"]
["Restaurante ou Lanchonete","-",null,"-"]
["Transformação artesanal","-",null,"-"]
["Turismo rural ou ecoturismo","-",null,"-"]
["Outras atividades econômicas rurais",4,null,{"v":1.1976047904191616,"d":"1.2"}]
["Agroindústria","-",null,"-"]
["Proprietário sem instrução ou com instrução incompleta",30,null,{"v":8.982035928143713,"d":"9.0"}]
["Proprietário com antigo primário completo",90,null,{"v":26.946107784431135,"d":"26.9"}]
["Proprietário com 1° grau (ou antigo ginasial) completo",40,null,{"v":11.976047904191615,"d":"12.0"}]
["Proprietário com 2° grau (ou antigo colegial) completo",72,null,{"v":21.55688622754491,"d":"21.6"}]
["Proprietário com curso superior completo ",99,null,{"v":29.64071856287425,"d":"29.6"}]
["Pessoa Jurídica",3,null,{"v":0.8982035928143713,"d":"0.9"}]
["Proprietário residente na própria UPA ",56,null,{"v":16.766467065868262,"d":"16.8"}]
["Fonte: Secretaria de Agricultura e Abastecimento, CDRS/IEA, Projeto LUPA."]
[]
["TABELA 317.5 - Área Cultivada, Município de Magda, Estado de São Paulo, 2016/17."]
["CULTURA","N.DE UPAs","MÍNIMO","MÉDIO","MÁXIMO","TOTAL"]
["Cana-de-acucar finalidade industria",137,1.2,{"v":119.03,"d":"119.0"},{"v":7001.5,"d":"7,001.5"},{"v":16306.8,"d":"16,306.8"}]
["Braquiaria",254,0.1,{"v":21.94,"d":"21.9"},723.5,{"v":5571.9,"d":"5,571.9"}]
["Seringueira",22,3.6,{"v":21.55,"d":"21.6"},{"v":100,"d":"100.0"},474.2]
["Crotalaria",1,{"v":400,"d":"400.0"},{"v":400,"d":"400.0"},{"v":400,"d":"400.0"},{"v":400,"d":"400.0"}]
["Eucalipto",8,0.5,{"v":41.43,"d":"41.4"},{"v":270,"d":"270.0"},331.4]
["Coloniao",9,2.2,{"v":21.97,"d":"22.0"},{"v":125,"d":"125.0"},197.7]
["Banana",9,3.9,{"v":18.28,"d":"18.3"},40.6,164.5]
["Milho safra",11,0.6,{"v":7.23,"d":"7.2"},{"v":30,"d":"30.0"},79.5]
["Laranja Industria",1,61.6,61.6,61.6,61.6]
["Cana-de-acucar outras finalidades",6,{"v":2,"d":"2.0"},{"v":10.25,"d":"10.3"},{"v":48,"d":"48.0"},61.5]
["Milho-silagem",8,{"v":1,"d":"1.0"},{"v":7.25,"d":"7.3"},{"v":20,"d":"20.0"},{"v":58,"d":"58.0"}]
["Manga",13,0.5,{"v":3.35,"d":"3.4"},8.7,43.6]
["Gramas",3,{"v":5,"d":"5.0"},{"v":11.73,"d":"11.7"},23.5,35.2]
["Milho 2 safra",1,{"v":34,"d":"34.0"},{"v":34,"d":"34.0"},{"v":34,"d":"34.0"},{"v":34,"d":"34.0"}]
["Outras florestais",3,1.3,{"v":2.07,"d":"2.1"},{"v":3,"d":"3.0"},6.2]
["Teca",1,1.7,1.7,1.7,1.7]
["Mandioca",1,0.4,0.4,0.4,0.4]
["Fonte: Secretaria de Agricultura e Abastecimento, CDRS/IEA, Projeto LUPA."]